000 03133nam a22004217a 4500
003 AR-RoUNA
005 20251027114818.0
008 251027b |||||||| |||| 00| 0 spa d
040 _aAR-RoUNA
_bspa
_dAR-RoUNA
041 _aspa
044 _aag
245 1 0 _aPlanes especiales. Segovia
_b: Ayuntamiento de Segovia. Seminario de urbanística de la Universidad de Valladolid /
_cAlfonso Alvarez Mora; Manuel Saravia Madrigal; Juan Luis de las Rivas Sanz; Cristina Tremiño San Emeterio.
260 _aValladolid (España):
_bAyuntamiento de Segovia,
_c1991
_fTaller Imagen (Segovia)
300 _a144 p.:
_bmapas
_bfot. col.
_c21x30 cm.
505 0 _tINDICE
505 0 _t INTRODUCCION
505 0 _tCentro histórico y totalidad urbana. El papel de los planes especiales en el comportamiento urbanístico global de la ciudad. p. 11
505 0 _tRevisión del plan parcial-espacial de la zona oriental del acueducto y barrio del Salvador. p. 31
505 0 _tPlan especial de protección histórico-artística. Paisaje y reforma interior del recinto amurallado de Segovia. p. 55
505 0 _tEL plan especial de protección histórico artística paisaje y reforma interior de San Lorenzo, Valle del Eresma y San Marcos. p. 75
505 0 _tPlan especial extramuros. p. 91
505 0 _tPlan especial de San Antonio el Real y cuarteles base mixta. p. 103
505 0 _tP.E.R.I. del barrio de la estación y zona industrial N-603. p. 117
505 0 _tPlan Especial de protección del paisaje del polígono de las lastras. p. 125
505 0 _tUnidad de actuación: Velódromo-altos de la piedad. p. 129
505 0 _tEstudios de detalle y unidades de actuación en los núcleos urbanos de Zamarramala, Madrona, Fuentemilanos, Hontoria y Revenga. p. 137
520 3 _aEn diciembre de 1984 el Ayuntamiento de Segovia aprobó con carácter definitivo el Plan General de Ordenación Urbana para su término municipal, dicho Plan preveía la formulación de Planes Especiales para las áreas que a tal fin delimitaba. Dada la necesidad de solucionar, de forma eficaz, el planeamiento derivado previsto por el Plan General, se crea la Oficina Técnica de Planeamiento a la que se encarga la redacción de dichos trabajos que se aúnan en un único documento y en un solo ámbito de aplicación. Dicho documento consigue únicamente la aprobación en su etapa de avance, preveyéndose la dificultad de su aprobación definitiva dada la excesiva superficie de delimitación y por lo tanto la concurrencia de excesivos conflictos a resolver. Es por ello que se propone por parte del Ayuntamiento, en octubre de 1989, un nuevo concurso con la modificación de la delimitación única y la propuesta de nuevos planes especiales.
650 4 _aUrbanismo
651 4 _aSegovia (España)
_918574
700 1 _aAlvarez Mora, Alfonso
_926778
700 1 _aSaravia Madrigal, Manuel
_927523
700 1 _aTremiño San Emeterio, Cristina
_927524
700 _aRivas, Juan Luis de las
_927525
908 _aImp
942 _2udc
_cLIB
945 _d2025-10-27
980 _65
_aMaría Machado
_83
_gGermán Grimolizzi
999 _c12192
_d12192